000 00501pab a2200181 454500
008 180718b2012 xxu||||| |||| 00| 0 eng d
100 _aBehaghel, Luc
245 _aFraming social security reform: Behavioural responses to change in the full retirement age
260 _c2012
300 _ap.41-67.
362 _aNov
650 _aRetirement
650 _aSocial security
700 _aBlau, David M.
773 _aAmerican Economic Journal: Economy Policy
908 _aN
909 _a102115
999 _c102113
_d102113